[Event "Final Argentina Superior 2006"]
[Site "?"]
[Date "2006.05.04"]
[Round "9.4"]
[White "Amura, Claudia"]
[Black "Flores, Diego"]
[Result "0-1"]
[WhiteElo "2368"]
[BlackElo "2494"]
[Annotator "de Dovitiis Alejo"]
[PlyCount "142"]
[EventDate "2006.??.??"]

1. d4 g6 2. g3 Bg7 3. Bg2 c5 4. c3 Qb6 (4... Na6 5. e4 d5 6. dxc5 dxe4 7. Qxd8+
Kxd8 8. Be3 Nf6 9. Bd4 e5 10. Bxe5 Nxc5 11. Bd4 Nd3+ 12. Ke2 Nxb2 13. Nd2 Nh5
14. Nxe4 $36 {Azmaiparashvili,Z-Romero Holmes, A /Benidorm 2003.}) (4... Qc7 5.
d5 d6 6. a4 c4 7. Na3 b6 $2 8. Nf3 Ba6 9. Nd4 Bb7 10. a5 Nf6 11. axb6 axb6 12.
Nab5 Qc8 13. Rxa8 Bxa8 14. Qa4 Nbd7 15. Qxa8 $18 {
Werner,D-Zigangirova,S/Budapest 2004.}) 5. Nf3 cxd4 $146 {Una toma posible
pero quizas un poco apresurada ya que va a permitir que el caballo dama blanco
salga por c3.} (5... Nf6 6. O-O O-O 7. a4 cxd4 8. a5 Qd8) (5... d6 6. O-O Nf6
7. Na3 O-O 8. Re1 cxd4 9. Qxd4 Qa5 10. Qh4 Nc6 $11 {
Manninen,M-Kiik,K/Naantali 2000.}) 6. Nxd4 $6 (6. cxd4 {
Parece mas natural y deja vacante la casilla c3.}) 6... Nc6 7. Nb3 Nf6 8. O-O
d6 9. N1d2 O-O 10. Ne4 Ng4 {
Ambos contendientes han movida extranamente sus caballos.} 11. h3 Nge5 12. Be3
Qa6 13. Ned2 {
Los caballos van y vienen pero sin un plan de fondo que los respalde.} 13...
Bd7 14. f4 Nc4 15. Nxc4 Qxc4 16. Qd3 {Claudia pretende "limarle las unas" al
peligroso Diego con esta propuesta de canje de damas.} 16... Be6 17. Qxc4 Bxc4
18. Kf2 Rac8 19. Rfd1 Rc7 20. Bd5 b5 {Esta jugada ambiciosa puso en
cavilaciones eternas a Claudia quien se esta quedando peligrosamente apremiada
de tiempo.} 21. Bf3 {Ay Amura, este movimiento fagocito unos !30 minutos del
reloj de las blancas! Se propaga el virus Malbran...} 21... Rb8 22. Nd4 Nd8 {
Flores quiere conservar piezas pero este retroceso tampoco es la felicidad.}
23. a3 a5 24. Rd2 e5 {?No sera un debilitamiento? Ojo con el peon de d6.} 25.
Nc2 Bf8 26. g4 Ne6 $6 (26... Be7) 27. f5 $1 Ng7 28. Be4 Ne8 29. Bg5 h6 30. Bh4
g5 31. Bg3 Nf6 {
Las negras se apoderan de la iniciativa y cuenta con mas tiempo en el reloj.}
32. Bg2 Bb3 33. Ne3 Rc5 34. h4 Re8 35. hxg5 hxg5 36. Kg1 d5 37. Bf2 a4 38. Kh2
d4 39. cxd4 exd4 40. Rxd4 Rce5 41. Rc1 Rxe3 42. Bxe3 Rxe3 $19 {Las negras casi
ganadas pero la posicion es rocosa por parte del blanco y cuesta derribarla.}
43. Rc6 Kg7 44. Bf3 Bc4 45. Rdxc4 bxc4 46. Rxc4 Bd6+ 47. Kg2 Be5 48. Kf2 Rb3
49. Rxa4 Rxb2 50. Rc4 Bd6 51. a4 Nd7 52. Re4 Ra2 53. Bg2 Nb6 54. Re8 Rxa4 55.
Bf3 Nd7 56. Ra8 Rd4 57. e3 Rd2+ 58. Be2 Ne5 59. Ra4 Bc5 60. Re4 Kf6 61. Ra4
Nd3+ 62. Kf3 Ne1+ 63. Kf2 Nc2 64. Re4 Nxe3 {
La debilidad de casillas negras hace que esta entrega sea letal.} 65. Rxe3 Rb2
66. Kf3 Bxe3 67. Kxe3 Ke5 68. Bc4 f6 69. Bf7 Rb7 70. Bg8 Ra7 71. Bc4 Ra3+ 0-1

[Event "Final Argentina Superior 2006"]
[Site "?"]
[Date "2006.05.04"]
[Round "9.5"]
[White "Felgaer, Ruben"]
[Black "Valerga, Diego"]
[Result "1/2-1/2"]
[WhiteElo "2580"]
[BlackElo "2470"]
[Annotator "de Dovitiis Alejo"]
[PlyCount "75"]
[EventDate "2006.??.??"]

1. e4 e6 2. d4 d5 3. Nc3 Bb4 4. e5 c5 5. a3 Ba5 {Una linea que han vuelto a
reflotar Vaganian y Lputian en la arena internacional.} 6. dxc5 (6. b4 cxd4 7.
bxa5 (7. Nb5 Bc7 8. f4 Bd7 9. Nxc7+ Qxc7 {es la otra ruta que se puede seguir.}
) 7... dxc3 8. Qg4 Ne7 9. Qxg7 Rg8 10. Qxh7 {
es una de las principales variantes de este esquema.}) 6... Bxc3+ 7. bxc3 Qc7 (
7... Ne7 8. Nf3 Qa5 9. Bd2 Qxc5 10. Bd3 Nbc6 11. O-O Ng6 12. Qe2 $14 {
Salimbagat,R-Vavrak,P/Minneapolis 2005}) 8. Nf3 Nd7 9. c4 $1 $146 {Creo que est
amos ante un buen refuerzo de la posicion blanca ya que abre camino al siempre
pobre alfil de c1.} (9. Bb5 Ne7 (9... Qxc5 10. a4 (10. Rb1 Ne7 11. O-O Nc6 12.
c4 dxc4 13. Qd6 Qxd6 14. exd6 O-O 15. Bxc4 b6 16. a4 Bb7 $13 {
Ankerst,M-Landenbergue,C/Groningen 1995}) 10... a6 11. Bxd7+ Bxd7 12. O-O Qxc3
13. Bd2 Qc4 14. Rb1 Qc7 15. c4 $1 Ne7 16. Bb4 $16 {
Short,N-Vaganian,R/Barcelona 1989}) 10. O-O O-O 11. Bxd7 Bxd7 12. Be3 b6 13.
cxb6 axb6 14. Qb1 Rfc8 $44 {Vogt,L-Schauwecker,M/Switzerland 1993}) (9. Bd3
Nxe5 10. O-O Nxd3 11. cxd3 Qxc5 12. a4 $13) 9... Ne7 10. cxd5 exd5 11. Bd3 Nxc5
12. O-O O-O 13. h3 Be6 14. Bb2 Rac8 $1 {
las negras parecen a punto de igualar la partida.} 15. Nd4 $1 {Excelente jugada
que amenaza f4, f5 y controla la entrada en c2. Puede ser que el blanco
entregue un peon pero de este modo agiliza su juego.} 15... Nxd3 16. Qxd3 Qc4
17. f4 $14 Qxd3 18. cxd3 Nf5 19. g4 Nxd4 20. Bxd4 a6 21. Rae1 Bd7 22. f5 $1 {
Las blancas tienen una posicion dominante pero el negro puede armar una
fortificacion muy dura de ser demolida.} 22... Rfe8 23. Re3 $1 {Defensa y ataqu
e. Felgaer con calma va construyendo su ofensiva. Habra que ver si Valerga
puede soportar semejante intento.} 23... Rc6 24. g5 g6 {Dramatico final, hay
olor a tablas pero recuerdo que hace poco tiempo en Linares Topalov vencio en
un final con menos ventaja de espacio a Aronian. ?Desde hoy llamaremos Topy a
Felgaer?} 25. e6 fxe6 26. fxg6 hxg6 27. Be5 Rf8 {
Como diria el maestro internacional Scarella "el negro se ha puesto el casco"}
28. Bf6 Rf7 29. Rf4 Rc2 30. Ref3 e5 31. Rh4 Rh7 32. Rxh7 Kxh7 33. Bxe5 Bf5 34.
Bf6 {Pese a los cambios las blancas quieren mas pero considero que ello
deberia ser inviable a esta altura.} 34... Kg8 35. Re3 Kf8 36. h4 Rd2 37. d4
Be4 38. Rh3 1/2-1/2

[Event "Final Argentina Superior 2006"]
[Site "?"]
[Date "2006.05.05"]
[Round "10.1"]
[White "Flores, Diego"]
[Black "Felgaer, Ruben"]
[Result "0-1"]
[WhiteElo "2494"]
[BlackElo "2580"]
[Annotator "de Dovitiis Alejo"]
[PlyCount "104"]
[EventDate "2006.??.??"]

{Un duelo esperado que puede generar la norma de gran maestro para la Flores
en caso de victoria o el titulo para Peralta si vence y no puede ser alcanzado
en la ultima fecha que quedara libre.} 1. c4 e5 2. Nc3 Nf6 3. Nf3 Nc6 {
La Inglesa de las 4 caballos, muy usada por Svidler.} 4. e3 (4. g3 {
es la movida habitual.}) 4... Bb4 5. Qc2 O-O 6. Nd5 Bd6 7. Ng5 g6 8. Nxf6+ Qxf6
9. Ne4 Qe6 (9... Qf5 10. Be2 Be7 11. a3 b6 12. d3 Bb7 13. O-O Qe6 14. Nc3 f5
15. Bd2 Rac8 16. Rad1 $14 {Kolbus,D-Andersson,F/Stockholm 2006.}) 10. Nxd6 cxd6
$5 11. Be2 b6 $146 (11... d5 12. cxd5 Qxd5 13. O-O Qa5 14. d3 d5 15. Bd2 Qb6
16. a3 a5 $14 {Lerner,K-Tarjan,J/Odessa 1976.}) 12. O-O Bb7 13. b3 d5 $1 {
Las negras se desembarazan de su debilidad.} 14. Bb2 Rac8 15. f4 $1 {Flores bus
ca guerra por las casillas negras, un poco averiadas en la posicion de Felgaer.
} 15... d6 16. Rf2 {Preparando el doblaje en la columna f.} 16... Ne7 17. Raf1
f6 18. Qd1 $1 {Linda movida "de ablande" la idea es hacer Bg4 y provocar f5,
resquebrajando la muralla que Felgaer ha construido por escaques negros.} 18...
dxc4 $1 {
Felgaer quiere tener contrachances y por eso le da mas vida a su alfil de b7.}
19. bxc4 Ba6 $132 20. d3 Nf5 21. Bg4 e4 22. dxe4 Qxe4 23. Bf3 {
Comienzan las turbulencias.} 23... Qe7 24. Bd5+ Kh8 25. Qa4 Bb7 26. e4 Ne3 27.
Re1 Nxd5 28. cxd5 Bxd5 29. e5 {
Se veia venir esta reaccion de Flores pero la misma no es en absoluto clara.}
29... fxe5 30. fxe5 Kg8 31. Rd2 Bc4 {Con alfiles de distinto color y piezas
pesadas quien primero logre encolumnarse sobre el rey rival tendra todo para
vencer.} 32. Rxd6 Qh4 33. g3 Qh3 34. Qd1 Be6 {
Cerrando la diagonal al alfil de b2.} 35. Qd2 Qf5 36. Qf4 Qh5 37. Qd2 Qf5 38.
Qf4 Qh5 39. Qd2 Qg4 {El negro pretende algo mas que tablas.} 40. Rd4 Qf3 41.
Rd3 Qf7 42. Rd4 Qf3 43. Rd3 Qf5 44. Ba3 Rf7 45. Bb4 (45. Rd8+ Rxd8 46. Qxd8+
Kg7 47. Qd4 Rd7 48. Bd6) 45... Kg7 46. Bc3 Rcf8 47. Bb4 Rc8 48. Bc3 h5 49. Rd4
$2 {Grave error en apuro de tiempo. El blanco debio haber simplificado la
posicion lo maximo posible.} 49... Rxc3 $1 50. Qxc3 Qf2+ 51. Kh1 Bh3 52. Rg1 (
52. Qd2 Bg2#) 52... Qxg1+ $3 {Vistoso remate de Felgaer.} (52... Qxg1+ 53. Kxg1
Rf1#) 0-1

[Event "Final Argentina Superior 2006"]
[Site "?"]
[Date "2006.05.05"]
[Round "10.2"]
[White "Campora, Daniel"]
[Black "Amura, Claudia"]
[Result "1-0"]
[WhiteElo "2552"]
[BlackElo "2368"]
[Annotator "de Dovitiis Alejo"]
[PlyCount "121"]
[EventDate "2006.??.??"]

{Tras su derrota de ayer se esfumaron las posibilidades de ser campeon para el
conductor de las blancas, no obstante esta claro que las blancas prefieren un
juego tranquilo.} 1. e4 c5 2. Nf3 Nc6 3. d4 cxd4 4. Nxd4 Nf6 5. Nc3 e5 6. Nf5 {
El blanco utiliza esta linea muy tranquila que no le reporta ventaja, pero
elude los territorios pantanosos de la variante Sveshnikov que surgirian tras:}
(6. Ndb5 d6 7. Bg5 a6 8. Na3 b5 9. Nd5) 6... d5 {La reaccion natural.} 7. exd5
Bxf5 8. dxc6 Qxd1+ 9. Nxd1 bxc6 10. Ne3 Bg6 11. Bd3 (11. Be2 O-O-O 12. Bd2 Bc5
13. Ba5 Rd7 14. Ng4 Nxg4 15. Bxg4 f5 16. Be2 Rd5 17. Bc3 Bd4 $36 {
Zhang Pengxiang-Kryvoruchko,Y/Cappelle la Grande 2005}) (11. Ba6 Rb8 12. O-O
Bc5 13. Nc4 Bxc2 14. Nxe5 O-O 15. Be2 Rfe8 16. Bd3 Bxd3 17. Nxd3 Bd4 $15 {
Chrzaszcz,M-Ogonowska,K/Koszalin 2005}) 11... Bb4+ 12. Bd2 $146 ({
Por lo visto este final tan temprano se ha practicado varias veces.} 12. Ke2
Bh5+ 13. Kf1 O-O (13... e4 14. Be2 Bg6 15. h4 h5 16. Nc4 Nd7 17. Bf4 O-O 18.
Rd1 Bf5 19. a3 Be7 20. Bxh5 $16 {Gofshtein,L-Trommsdorf,F/Paris 2000}) 14. a3
Ba5 15. Nf5 Rfe8 16. b4 Bb6 17. Bg5 Bg6 18. Bxf6 gxf6 19. f3 Rad8 20. Ke2 Rxd3
21. Nh6+ Kg7 22. cxd3 Kxh6 $19 {Orel,K-Kopinits,A/Peniscola 2002}) 12... Bxd2+
13. Kxd2 O-O-O 14. Ke2 Bxd3+ 15. cxd3 Nd5 16. g3 Rhe8 17. Rhc1 Re6 18. Rc4 Ne7
19. Rac1 Rd4 20. R1c3 Rxc4 $6 {Habria que pensar si esta era la decision para
tomar ya que el blanco tiene la opcion de enderezar sus peones.} (20... f5 $5)
21. Rxc4 {Campora, gran finalista, privilegia la actividad de la torre a
mejorar la formacion de sus peones, considero que es el negro quien perdio su
torre mas activa.} 21... Kb7 22. Rb4+ Kc7 23. Rh4 h6 24. Ra4 Kb7 25. Ra5 f5 26.
Rc5 f4 27. Nc4 fxg3 28. hxg3 e4 29. d4 Nd5 {Amura propone un cambio de piezas
que el blanco puede realizar tras 30 Na5+ y 31 Nxc6, es mismo es complejo pero
veremos si Campora prefiere eso o algo mas posicional.} 30. Na5+ {
Parece que las blancas van por el peon de c6 nomas.} 30... Kc7 31. Nxc6 Rxc6
32. Rxd5 Rc2+ 33. Ke3 Rxb2 34. a4 Ra2 35. Rf5 Rxa4 36. Kxe4 Ra2 37. Rf7+ Kd6
38. Rxg7 Rxf2 39. Rg6+ Ke7 40. Ra6 Re2+ 41. Kf3 Rh2 42. Rxa7+ Ke6 43. Ra5 h5
44. Re5+ Kd6 {Mejor el blanco pero duro de ganar por los pocos peones que hay
sobre el tablero.} 45. Re2 Rh1 46. Ke4 h4 47. g4 h3 48. Kf4 Kd5 49. Rd2 Rg1 50.
Rh2 Rf1+ 51. Kg5 Rf3 52. Kh4 Kxd4 53. Rxh3 Rf8 (53... Rxh3+ 54. Kxh3 Ke5 55.
Kh4 Kf6 56. Kh5 Kf7 (56... Kg7 57. Kg5) 57. Kh6 Kg8 58. Kg6 {
ganando la oposicion y la partida.}) 54. Kg5 Rg8+ 55. Kf5 Rf8+ 56. Ke6 Rg8 57.
Rh4 {Ahora el blanco tiene serias chances de imponerse.} 57... Ke3 58. Kf6 Rf8+
59. Kg7 Rf4 60. Rh3+ Ke4 61. g5 {El peon se va a dama.} 1-0

[Event "Final Argentina Superior 2006"]
[Site "?"]
[Date "2006.05.05"]
[Round "10.3"]
[White "Ricardi, Pablo"]
[Black "Mahia, Gustavo"]
[Result "1-0"]
[WhiteElo "2515"]
[BlackElo "2427"]
[Annotator "de Dovitiis Alejo"]
[PlyCount "167"]
[EventDate "2006.??.??"]

1. Nf3 Nf6 2. c4 c5 3. g3 g6 4. Bg2 Bg7 5. d4 cxd4 6. Nxd4 Nc6 7. O-O Nxd4 8.
Qxd4 {Ricardi retorna a un viejo amor suyo como la apertura Inglesa.} 8... O-O
9. Nc3 d6 10. Qd3 a6 11. Bg5 Rb8 12. Rac1 (12. c5 Qa5 13. Bxf6 Bxf6 14. cxd6
exd6 15. Qxd6 Be6 16. Qd2 Rfd8 17. Qc2 Rdc8 18. Rfd1 Bxc3 19. bxc3 Rxc3 $15 {
Dzindzichashvili,R-Ehlvest,J/New York 1990}) 12... Qa5 $146 {
Una novedad que busca hostigar al alfil de g5.} ({Lo visto era:} 12... Be6 13.
b3 Qa5 14. Qd2 Rfc8 15. Rfd1 b5 16. Nd5 Qxd2 17. Bxd2 Nxd5 18. cxd5 Bf5 19. Rc6
Bd7 20. Rxa6 Ra8 21. Rxa8 Rxa8 22. a4 bxa4 23. bxa4 Rxa4 24. Rb1 Ra1 {
1/2-1/2 Poch,C-Dos Santos,F/Martinez Valle 1993.}) (12... h6 13. Bf4 Bg4 14.
Rfd1 Qc8 15. c5 Qxc5 16. Nd5 Nxd5 17. Rxc5 Nxf4 18. gxf4 dxc5 $16 {
Tosi,F-Diblio,A/ICCF Email 1997.}) (12... Bd7 13. Rfd1 Bc6 14. b3 Qa5 15. Qd2
Rfe8 16. Nd5 Qxd2 17. Rxd2 Bxd5 18. cxd5 Rec8 19. Rdc2 Rxc2 20. Rxc2 $16 {
Nykopp,J-Sorri,K/Helsinki 1995}) 13. Qd2 (13. Bd2 {
recomendada por el MI Valerga, hoy de franco, parece mas natural.}) 13... Be6
14. b3 {Mahia se ha sumergido a meditar demasiado para una posicion que no es
tan compleja.} 14... Rfc8 15. Be3 {Las blancas quieren hacer Ba7 en caso de b5
de las negras; eso se vio en el match de 1972 entre Fischer vs. Spassky y en
esa situacion el negro no logro justificar la calidad entregada.} 15... Qh5 16.
f3 Qa5 {El debilitamiento blanco no parece grave, pero ahora esta cerrada la
diagonal h1-a8 con lo que el negro podria hacer b5.} 17. Ba7 {
Una vuelta ya vista.} 17... Ra8 18. Bd4 b5 {
Riesgosa por la respuesta de las blancas.} 19. f4 Rab8 20. cxb5 axb5 21. Rfd1
b4 22. Na4 h5 23. Rxc8+ Rxc8 24. h3 Qb5 25. e4 Nd7 26. Bxg7 Kxg7 27. Bf1 $1 {
?Como se atajan las negras frente a un f5 blanco?} 27... Qa5 28. Kh2 h4 29. g4
f6 30. Bg2 g5 31. e5 $1 {tremendo golpe en medio del apremio de tiempo.} 31...
fxe5 32. f5 Bf7 33. Qxg5+ Kf8 34. Qxh4 Rc2 35. Qh8+ Bg8 36. Qh6+ Ke8 37. Rd2
Rxd2 38. Qxd2 Nf6 39. Qc1 Bd5 40. g5 Bxg2 $6 {
Ahora el blanco puede forzar con gxf6} 41. gxf6 Bd5 $1 {
Protege el vital cuadro e6.} 42. Qc8+ Kf7 43. Qh8 exf6 44. Qh7+ Ke8 45. Qg7 Bf7
46. Qxf6 Qd5 47. Qh8+ Ke7 48. Qh4+ Ke8 49. Qh8+ Ke7 50. Qh4+ Kf8 51. Qd8+ Kg7
52. Qg5+ Kh7 $2 {La ambicion mata al hombre y tambien al ajedrecista.} (52...
Kf8) 53. f6 Bg6 54. Qh4+ Kg8 55. Qh6 Kf7 56. Qg7+ Ke6 57. Qxg6 $18 {
Aunque hay muchos jaques que sortear de parte de las negras.} 57... Qd2+ 58.
Qg2 Qf4+ 59. Kg1 Qe3+ 60. Qf2 Qxh3 61. Nb6 Qg4+ 62. Kh2 Qh5+ 63. Kg2 Qg4+ 64.
Qg3 Qe2+ 65. Kg1 Qd1+ 66. Kh2 Qd2+ 67. Kh3 Qh6+ 68. Kg2 Qd2+ 69. Qf2 Qg5+ 70.
Kf3 Qxf6+ 71. Ke2 Qg6 72. Nc4 Qc2+ 73. Kf3 Qf5+ 74. Ke3 Qg5+ 75. Kd3 Qg6+ 76.
Ke2 Qc2+ 77. Nd2 e4 (77... Qxa2 $5) 78. Qd4 d5 79. Qxb4 Qd3+ 80. Ke1 e3 81. Nf3
Qb1+ 82. Ke2 Qxa2+ 83. Kxe3 Qb1 84. Nd4+ 1-0

[Event "Final Argentina Superior 2006"]
[Site "?"]
[Date "2006.05.05"]
[Round "10.4"]
[White "Perelman, Hernan"]
[Black "Malbran, Guillermo"]
[Result "0-1"]
[WhiteElo "2211"]
[BlackElo "2308"]
[Annotator "de Dovitiis Alejo"]
[PlyCount "114"]
[EventDate "2006.??.??"]

1. Nf3 d6 2. c4 Nf6 3. g3 e5 4. Bg2 c6 5. O-O Nbd7 6. Nc3 Be7 {Hasta el momento
Malbran viene jugando fluido. Si, por supuesto, llueve en San Luis.} 7. Qc2 O-O
8. d4 {Hemos arribado a la defensa India Antigua.} 8... Qc7 9. h3 (9. Bd2 Re8
10. Rfd1 a6 11. Rac1 Rb8 12. b4 exd4 13. Nxd4 c5 14. bxc5 Qxc5 15. Nf5 Bf8 16.
Na4 Qa3 17. Bf4 $16 {Bocharov,D-Bauer,C/Biel 2005}) (9. Rd1 Rb8 10. h3 a6 11.
Be3 Re8 12. b4 b5 13. dxe5 dxe5 14. c5 a5 $132 {Ruiz,N-Gonzalez,P/Junin 2006.})
9... Re8 $146 {Logica jugada.} (9... Nb6 $6 10. b3 Be6 11. Rd1 Rad8 12. e4 Bc8
13. Be3 $16 {Prakken,G-Opitz,F/Dresden 2003}) 10. Be3 {Ahora si, Malbran
comienza a pensar y oh! casualidad, se abre el cielo sobre las sierras
puntanas.} 10... Nf8 11. Rfc1 {Capablanca reiteraba con su genial maestria que
cuando uno mueve una torre debe pensar primero donde va a colocar la otra para
que no se choquen entre ambas. Pareciera que era preferible:} (11. Rfd1 {
y colocar la otra en c1.}) 11... exd4 12. Nxd4 Be6 13. Nxe6 Nxe6 14. b4 $14 {
A la pareja de alfiles el blanco le suma una buena movilidad de sus peones en
el ala dama.} 14... a6 15. Qb3 Bf8 16. Rab1 Qe7 17. a4 Nd7 18. a5 Qd8 19. Rd1
Qc7 20. Rbc1 {Ah! Volvieron a donde yo decia...} 20... Qd8 21. Rd2 Qc7 {
Se nota que hay apremio de tiempo.} 22. Rcd1 Nf6 23. Rc2 Qe7 24. Bc1 c5 25. Be3
cxb4 26. Qxb4 $16 {
Las negras estan mal por el peon de d6 y el par de alfiles que cobra vida.}
26... Nc5 27. Qb6 Rab8 28. Bf4 Red8 29. Rcd2 Nce4 30. Rd3 (30. Nxe4) 30... Nxc3
31. Rxc3 Qxe2 32. Bf3 Qe6 33. c5 $2 Nd7 34. Qa7 Nxc5 35. Kg2 Ra8 36. Qb6 Na4
37. Qb3 Nxc3 38. Qxc3 d5 (38... Rac8 $19) 39. Qb3 Rd7 40. Bxd5 Rxd5 $2 {
Siguen las movidas raras en medio del zeinot.} 41. Qxd5 Qxd5+ 42. Rxd5 Bb4 43.
Bc7 Kf8 44. Rd4 Be7 45. Bb6 Ke8 46. Rc4 Bd6 47. Kf3 Kd7 48. Rd4 $2 (48. Ke4)
48... Rc8 49. Ke4 Ke6 50. Kd3 f5 51. Rh4 h6 52. Ra4 $2 Bc5 53. Rc4 Kd5 54. Rf4
Bxb6 55. axb6 Ke5 56. Rb4 Rc5 57. h4 Rb5 $1 {
El final de torres tanto como el de peones se encuentra ganado por el negro.}
0-1

[Event "Final Argentina Superior 2006"]
[Site "?"]
[Date "2006.05.05"]
[Round "10.5"]
[White "Blit, Jacques"]
[Black "Peralta, Fernando"]
[Result "0-1"]
[WhiteElo "2246"]
[BlackElo "2524"]
[Annotator "de Dovitiis Alejo"]
[PlyCount "70"]
[EventDate "2006.??.??"]

1. e4 d6 2. d4 Nf6 3. Nc3 g6 4. f4 Bg7 5. Nf3 O-O 6. Bd3 Na6 7. O-O c5 8. d5
Bg4 9. Bc4 {Las blancas pretenden repetir la experiencia de lo hecho por
Felgaer contra Peralta ?Valentia o temeridad? Un poco de ambas pero loable
frente al solido puntero del evento.} 9... Nc7 10. Qe1 (10. h3 Bd7 11. a4 a6
12. e5 Nfe8 13. a5 $14 {Mahjoob,M-Azmaiparashvili,Z/Tripoli 2004}) (10. a4 a6
11. Qe1 Rb8 12. a5 e6 13. dxe6 Nxe6 14. Qg3 Bxf3 15. Qxf3 Nd4 {
Savchenko,B-Lahno,K/Moscow 2005.}) 10... Bxf3 $146 {Tematica.} (10... e6 11.
dxe6 fxe6 12. e5 $16 {Rahal,M-Gonzalez Velez,F/Spain 1999.}) 11. Rxf3 e6 12.
Qh4 exd5 13. Nxd5 Nfxd5 {Jugada meditada por un largo rato por Fernando a
quien se lo ve hoy un poco nervioso aunque concentrado.} 14. Qxd8 Rfxd8 15.
Bxd5 Nxd5 16. exd5 b5 $15 {Peones moviles, mejor estructura y desarrollo
sustentan la leve supremacia negra.} 17. a4 b4 18. Rb1 Re8 19. Kf1 {
Hay que impedir la invasion de la torre.} 19... Re4 20. Bd2 Rd4 {
Las negras van torciendo el rumbo pero la partida aun hay que ganarla.} 21. Rd3
Rc4 22. c3 bxc3 23. bxc3 Rxa4 24. Rb7 a5 25. Rd7 {
las blancas hacen sus ultimos intentos tratando de salvar la posicion.} 25...
Ra1+ 26. Ke2 a4 27. Rxd6 a3 28. Rc6 a2 29. d6 Re8+ {Peralta esta al borde del
triunfo pero no se lo nota con la precision y la frialdad de otras jornadas,
su reloj es una buena muestra de ello ya que ha pensado demasiado.} 30. Re3
Re1+ $1 {Peralta ha elegido el terreno tactico para imponer su ventaja, mas
con ello ha infartado a un par de espectadores.} 31. Bxe1 Rxe3+ 32. Kxe3 a1=Q
33. Rc8+ Bf8 34. Bh4 Qxc3+ 35. Ke2 Qc4+ {El peon dama no cumple su objetivo de
coronar por lo que la partida esta decidida y si Diego Flores no triunfa ya
tendremos nuevo campeon argentino.} 0-1

[Event "Final Argentina Superior 2006"]
[Site "?"]
[Date "2006.05.06"]
[Round "11.1"]
[White "Malbran, Guillermo"]
[Black "Blit, Jacques"]
[Result "1/2-1/2"]
[WhiteElo "2308"]
[BlackElo "2246"]
[Annotator "de Dovitiis Alejo"]
[PlyCount "58"]
[EventDate "2006.??.??"]

1. e4 c5 2. Nf3 g6 {Blit quiere jugar la Siciliana Dragon Acelerado.} 3. c3 {
El blanco pasa a una variante Alapin.} 3... Bg7 4. d4 cxd4 5. cxd4 d5 6. e5 (6.
exd5 {pasaria a una variante Panov de la Caro Khan.}) 6... Nc6 7. h3 Bf5 8. Nc3
a6 $146 (8... Qd7 9. Be3 f6 10. Bb5 Rd8 (10... a6 11. Bxc6 Qxc6 12. Rc1 Rd8 13.
O-O b5 14. Re1 Qb7 15. Qb3 $14 {Nikolic,V-Forintos,G/Mladenovac 1975.}) 11. O-O
a6 12. Bxc6 bxc6 13. Na4 Nh6 14. Nc5 Qc8 15. Re1 $16 {
Benjamin,J-Tate,E/Philadelphia 2004}) (8... Rc8 9. Bb5 a6 10. Bxc6+ Rxc6 11.
O-O b5 12. Bf4 h6 13. Rc1 g5 14. Bg3 e6 15. Qd2 Ne7 $14 {
Kuczynski,R-Muse,M/Germany 1992.}) 9. Bd3 Bxd3 10. Qxd3 e6 {
El negro no tiene inconvenientes.} 11. O-O b5 12. a4 b4 13. Ne2 Qb6 14. Bg5 h6
15. Bd2 Nge7 16. Rac1 {
Una posicion pareja donde el condimento es el apuro de tiempo de Malbran.}
16... Kd7 17. b3 Rhc8 18. g4 Rc7 19. Kg2 {Partida de maniobras lentas, pareja.}
19... Rac8 20. Nh2 Na5 21. Rxc7+ Rxc7 22. Rc1 Rxc1 23. Nxc1 Bf8 24. f4 Nec6 25.
Nf3 Ne7 26. Ne2 Kc7 27. Ng3 Kb7 28. h4 Nec6 29. Ne2 Ne7 {el blanco esta un
poco mejor en base a la posibilidad de romper con h5 pero tiene menos tiempo.}
1/2-1/2